Contractors are able to construct an initiative (Record no. 64840)

MARC details
000 -LEADER
fixed length control field 00705cam a2200193 4500
001 - CONTROL NUMBER
control field WB3639-15
008 - FIXED-LENGTH DATA ELEMENTS--GENERAL INFORMATION
fixed length control field 000000n2000 000 0 eng u
035 ## - SYSTEM CONTROL NUMBER
System control number (Sirsi) u108612
245 ## - TITLE STATEMENT
Title Contractors are able to construct an initiative
260 ## - PUBLICATION, DISTRIBUTION, ETC.
Date of publication, distribution, etc. 2000
490 ## - SERIES STATEMENT
Series statement Financial Times
Volume/sequential designation 2 October 2000, 26(2)
520 ## - SUMMARY, ETC.
Summary, etc. Considers the changing fortune of the private finance initiative. Looks at a number of contractors' attitudes towards, experiences of, and involvement in PFI schemes. Diagram.
590 ## - LOCAL NOTE (RLIN)
Local note WB
650 ## - SUBJECT ADDED ENTRY--TOPICAL TERM
Topical term or geographic name entry element PRIVATE FINANCE INITIATIVE
650 ## - SUBJECT ADDED ENTRY--TOPICAL TERM
Topical term or geographic name entry element ANALYSIS
650 ## - SUBJECT ADDED ENTRY--TOPICAL TERM
Topical term or geographic name entry element CONSTRUCTION SECTOR
690 ## - LOCAL SUBJECT ADDED ENTRY--TOPICAL TERM (OCLC, RLIN)
Topical term or geographic name as entry element MANAGEMENT-BUSINESS MANAGEMENT-FINANCIAL MANAGEMENT
942 ## - ADDED ENTRY ELEMENTS (KOHA)
Suppress in OPAC 0
Holdings
Withdrawn status Lost status Source of classification or shelving scheme Damaged status Not for loan Home library Current library Shelving location Date acquired Total Checkouts Full call number Barcode Date last seen Copy number Price effective from Koha item type
    Dewey Decimal Classification     London London News article 04/10/2000   WB3639-15 108612-1001 06/08/2019 1 06/08/2019 News article